| 000 | 00872nam a2200241Ia 4500 | ||
|---|---|---|---|
| 003 | OSt | ||
| 005 | 20260209100708.0 | ||
| 008 | 220923b |||||||| |||| 00| 0 eng d | ||
| 020 | _a9780198079996 | ||
| 037 | _cGeneral Book | ||
| 040 |
_aRTL _cRTL _beng |
||
| 041 |
_2eng _aeng |
||
| 084 |
_aY:451:(Z).2, Q3 _qRTL |
||
| 245 | 0 |
_aPursuing elusive justice: mass crimes in India and relevance of international standards _b |
|
| 260 |
_a New Delhi _bOxford University Press _c2013 |
||
| 300 |
_axviii, 475 p. _bIncludes bibliographical references and index |
||
| 500 | _aBibliography: P267-76 | ||
| 650 |
_aSociology _91114432 |
||
| 700 |
_aNainar Vahida; _9307196 _eEditor |
||
| 700 |
_aUma Saumya _eEditor _91114433 |
||
| 942 |
_hY:451:(Z).2, Q3 _cGB _2CC _n0 |
||
| 999 |
_c607588 _d607588 |
||